Statistics for Countries Breakdown Puzzle #1

Click here to take the quiz!

General Stats

  • This quiz has been taken 75,466 times
  • The average score is 16 of 30

Answer Stats

HintAnswer% Correct
School vehicleBUS
96%
Not fakeREAL
87%
Color of a blush?RED
86%
Hammer's targetNAIL
81%
3,600 secondsHOUR
80%
Is able toCAN
72%
Unit of landACRE
71%
Mature, grow olderAGE
71%
Musical twosomeDUO
69%
Make moneyEARN
68%
Florida fruitORANGE
63%
To make wood smoothSAND
63%
Pre-Easter periodLENT
61%
Italian money, formerlyLIRA
59%
Drink through a strawSIP
59%
Shortest month?MAY
56%
Male star-crossed loverROMEO
52%
BELARUS
50%
Male Hogwarts studentsWIZARDS
43%
Pseudonym, false nameALIAS
42%
Enormous in sizeGIANT
41%
IRELAND
40%
ALGERIA
38%
HONDURAS
28%
MALAYSIA
28%
CAMEROON
27%
SWITZERLAND
24%
ECUADOR
19%
ARGENTINA
18%
SINGAPORE
14%

Score Distribution

Percentile by Number Answered

Percent of People with Each Score

Your Score History

You have not taken this quiz